Advertising, management, and society: a business point of view
Salvato in:
| Autore principale: | |
|---|---|
| Natura: | Libro |
| Lingua: | inglese |
| Pubblicazione: |
Nueva York
McGraw-Hill
1974
|
| Serie: | A Project of the Consumer Research Program
|
| Soggetti: | |
| Tags: |
Aggiungi Tag
Nessun Tag, puoi essere il primo ad aggiungerne!!
|
MARC
| LEADER | 00000nam a2200000 a 4500 | ||
|---|---|---|---|
| 001 | UCR9282 | ||
| 003 | CL-VaPUC | ||
| 008 | 980613e19740000US |||||||||||||||||eng|d | ||
| 082 | 0 | 4 | |a 659.1 |b NIC |2 21 |
| 100 | |a Nicosia, Francesco M. |e author |9 411633 | ||
| 245 | 1 | 0 | |a Advertising, management, and society: a business point of view |
| 300 | |a 386 p | ||
| 942 | |c BK | ||
| 945 | |d 19980613 00:00:00 |a cmena | ||
| 260 | |a Nueva York |b McGraw-Hill |c 1974 | ||
| 650 | 0 | |a Publicidad |9 314572 | |
| 650 | 0 | |a Agencias de publicidad |9 362593 | |
| 650 | 0 | |a Comercialización |9 259326 | |
| 650 | 0 | |a Información pública |9 257272 | |
| 650 | 7 | |a PERSUASION |2 CL-VaPUC |9 333321 | |
| 650 | 0 | |a Proceso de comunicación |9 332060 | |
| 650 | 0 | |a Administración de empresas |9 260833 | |
| 583 | |a last modification |c 19980613 00:00:00 |k Rodrigo Vera | ||
| 490 | 0 | |a A Project of the Consumer Research Program | |
| 999 | |c 270482 |d 270480 | ||
| 952 | |0 0 |1 0 |4 0 |6 659_100000000000000_NIC_1974 |7 0 |8 A |9 304790 |a BIBGIM |b BIBGIM |d 2019-11-20 |i 1415638 |o 659.1 NIC 1974 |p 1415638 |r 2025-01-15 |w 2019-11-20 |y BK |k COM | ||